000 00392nam a22001697a 4500
003 CEME
005 20210628203107.0
008 210120b xxu||||| |||| 00| 0 eng d
040 _c.
082 _a158 COV
100 _aCovey, Stephen- R
_9346
245 _aGar mamole nogawan ke sat adat
260 _aLAHORE
_bFUNK
_c2004
300 _a252
650 _aFAIZA
_961097
942 _cBK
_2ddc
999 _c572149
_d572149